Trouvez le Mob Minecraft selon la description du Minecraft Wiki#1 - Statistiques

Statistiques générales
  • Ce quiz a été pris 180 fois
  • Le résultat moyen est 12 sur 15
Statistiques - réponses
Description Réponse % Correct
Le ............ est une créature hostile qui explose lorsque le joueur se trouve à proximité. Creeper
99%
Les ....................... sont de longues créatures neutres originaires de l'End qui ont la capacité de se téléporter et de ramasser certains blocs. Enderman
99%
Les ................... sont des créatures hostiles courantes qui attaquent les joueurs et les villageois et brûlent à la lumière du jour. Zombie
99%
L'........................ est un boss qui apparaît dans l'End.ll est le premier boss à avoir été ajouté dans Minecraft. Ender dragon
94%
Les ......................... sont des créatures hostiles qui utilisent des potions jetables comme arme à distance.Elles utilisent aussi des potions bénéfiques sur elles pour se défendre. Sorcière
94%
Les ................... sont des créatures passives qui fournissent de la laine et du ....................... cru. Mouton
93%
Les .................. sont des créatures énormes et flottantes du Nether,qui tirent des boules de feu explosives sur le joueur. Ghast
92%
Les ........................... sont des créatures neutres vivent dans des nids d' ........................ ou des ruches. Abeille
91%
Un ............................ est un personnage non-joueur pacifique avec qui le joueur peut commercer,notamment avec des émeraudes qui constituent la monnaie des ............................ . Villageois
88%
Les ...................... sont des créatures hostiles flottantes trouvées dans les forteresses du Nether. Blaze
86%
Le ........................ est une créature à l'apparence squelettique qui tire des crânes explosifs sur ses ennemis. Wither
77%
Un .......................... est une créature neutre qui apparaît dans le Nether.Il est possible de troquer avec eux en utilisant des lingots d'or pour recevoir de nombreux objets. Piglin
73%
Le ........................ est une créature hostile qui apparaît dans les grottes, les maris et les mangroves. Slime
56%
Les .............................. sont les créatures les plus petites de Minecraft. Endermite
47%
Les .................. sont des créatures hostiles faisant partie de la famille des illageois qui sont des villageois rejetés; les trois autres étant l'illusioniste, le vindicateur et le pillard. Evocateur
33%
Aucun quiz correspondant
Distribution des résultats
% des personnes avec chaque résultat
Percentile par nombre de réponses
Votre historique - résultats
Vous n’avez pas pris ce quiz